Draft Constitution of the Republic of Zambia (Record no. 75651)

MARC details
000 -LEADER
fixed length control field 00742nam a2200157 a 4500
008 - FIXED-LENGTH DATA ELEMENTS--GENERAL INFORMATION
fixed length control field 120416s2005 ||||||||||||||||| || u
050 ## - LIBRARY OF CONGRESS CALL NUMBER
Classification number GOV.ZAM(02)2005/1A
110 ## - MAIN ENTRY--CORPORATE NAME
Corporate name or jurisdiction name as entry element Government of the Republic of Zambia (GRZ)
245 10 - TITLE STATEMENT
Title Draft Constitution of the Republic of Zambia
260 ## - PUBLICATION, DISTRIBUTION, ETC.
Place of publication, distribution, etc. Lusaka
Name of publisher, distributor, etc. Constitution Review Commission (CRC) - Zambia
Date of publication, distribution, etc. 2005
300 ## - PHYSICAL DESCRIPTION
Extent 276p. : ill.
350 ## -
-- 0.00
650 ## - SUBJECT ADDED ENTRY--TOPICAL TERM
Topical term or geographic name entry element CONSTITUTION--LAW AND LEGISLATION--ZAMBIA
995 ## -
-- SPECIAL COLLECTIONS
-- 0.00
-- 9019276
-- CBU-MAIN LIBRARY (Kitwe)
-- 2
-- 0.00
-- GOV.ZAM(02)2005/1A
-- AVAILABLE
-- 9019276
-- Zambiana Collection
995 ## -
-- SPECIAL COLLECTIONS
-- 0.00
-- 9019284
-- CBU-MAIN LIBRARY (Kitwe)
-- 10
-- 0.00
-- GOV.ZAM(02)2005/1B
-- AVAILABLE
-- 9019284
-- Zambiana Collection
999 ## -
-- 75651
-- 75651
Holdings
Withdrawn status Lost status Source of classification or shelving scheme Damaged status Not for loan Permanent Location Current Location Shelving location Date acquired Total Checkouts Full call number Barcode Date last seen Copy number Price effective from Koha item type
          CBU-MAIN LIBRARY, KITWE. CBU-MAIN LIBRARY, KITWE.   04/24/2023   GOV.ZAM(02)2005/1A 9019276 04/24/2023 1 04/24/2023 SPECIAL COLLECTION
          CBU-MAIN LIBRARY, KITWE. CBU-MAIN LIBRARY, KITWE.   04/24/2023   GOV.ZAM(02)2005/1B 9019284 04/24/2023 2 04/24/2023 SPECIAL COLLECTION